000 00295nam a22001337a 4500
008 171215b xxu||||| |||| 00| 0 eng d
020 _a9781256932482
041 _aeng
080 _a512.9
100 _a36
101 _aMAT
245 _aTHINKING MATHEMATICALLY
_cBlitzer, R
942 _2udc
_cBK
999 _c38971
_d38971